Inovačná, výskumná a vývojová pozícia Technickej univerzity v Košiciach a jej vplyv na regionálny rozvoj

Analýza inovačného, výskumného a vývojového postavenia Technickej univerzity v Košiciach (TU v Košiciach) v národnom a regionálnom kontexte. Postavenie TU v Košiciach a jej vplyv na národný a regionálny rozvoj.

Salvato in:
Dettagli Bibliografici
Autore principale: Bilá, Anna
Natura: Capitolo di libro
Lingua:slovacco
Soggetti:
Tags: Aggiungi Tag
Nessun Tag, puoi essere il primo ad aggiungerne!!

MARC

LEADER 00000nla$a2200000$$$4500
001 0144114
005 20221103134652.1
041 0 |a slo 
044 |a SK 
245 1 0 |a Inovačná, výskumná a vývojová pozícia Technickej univerzity v Košiciach a jej vplyv na regionálny rozvoj  |c Anna Bilá 
520 |a Analýza inovačného, výskumného a vývojového postavenia Technickej univerzity v Košiciach (TU v Košiciach) v národnom a regionálnom kontexte. Postavenie TU v Košiciach a jej vplyv na národný a regionálny rozvoj. 
610 2 0 |a Slovensko 
610 2 0 |a rozvoj regionálny 
610 2 0 |a regióny metropolitné 
610 2 0 |a rozvoj územný 
610 2 0 |a spolupráca regionálna 
610 2 0 |a univerzity 
610 2 0 |a transfer inovácií 
100 1 |a Bilá, Anna